000 00304nam a2200121Ia 4500
008 230627s9999 xx 000 0 und d
041 _aeng
082 _a345
_bMAL
100 _aMallick M.R.
245 _aCriminal Minor Acts
260 _aDelhi
_bProfessional Book Publishers
_c2018
300 _a1649 pgs.
999 _c700302
_d700302